000 00962cab a2200217 4500
001 WB3001-10
008 090401t1994 xxu||||| |||| 00| 0 eng d
035 _a(Sirsi) u41932
041 _aeng
245 _aDeciding damages for shallow pool
260 _c1994
350 _a0
490 _aTimes
_v7 January 1994, 32(1)
520 _aIn "Ruxley Electronics and Construction Ltd v Forsyth, Laddington Enclosures Ltd v Same" CA 16 December 1993, it was held that it was not unreasonable where a swimming pool had been constructed to a depth less than that contracted for, to award as damages the costs of the rebuilding necessary to make good the breach of contract even though the shortfall in the depth had not decreased the value of the pool. Appeal by defendant allowed.
650 _aBREACH OF CONTRACT
650 _aDAMAGES
650 _aSWIMMING POOL
690 _aBUILT ENVIRONMENT-BUILDING CONTRACT FORMS
942 _n0
948 _c04/03/1997
999 _c26925
_d26925